000 00874nam a22002297a 4500
005 20240530110603.0
008 161012s2014 ua g b 000 0 ara d
017 _a2014/8007
_bمصر. دار الكتب
020 _a9789774488184
040 _aEG-CaGPL
_cEG-CaGPL
082 0 4 _221
_a364.168\
_bخ ج
100 0 _aخالد حسين عبدالتواب احمد
245 1 0 _aجرائم القذف و السب العلنى عبر الانترنت /
_cخالد حسين عبدالتواب احمد
250 _aط 1
260 _aالقاهرة :
_bالهئية المصرية العامة للكتاب ؛
_c2014
300 _a583 ص ؛
_c24 سم
504 _aبيليوجرافية : ص 557 - 569
650 0 7 _2qrmak
_aالجرائم الحاسوبية
650 0 7 _2qrmak
_aالجريمة و المجرمون
942 _2ddc
_cBK
999 _c62695
_d62695